| 000 | 00947nam a22003137a 4500 | ||
|---|---|---|---|
| 003 | CHAP | ||
| 005 | 20220329141137.0 | ||
| 008 | 971010s1978 r 00010 d | ||
| 010 | _a63315 | ||
| 011 | _a64287 | ||
| 035 | _a69568 | ||
| 040 | _cCHAP | ||
| 082 |
_a348.4 _bH4 |
||
| 100 | 0 | 0 |
_aHernández Luna, Alejandro. _954259 |
| 245 | _aNociones de derecho agrario | ||
| 260 |
_a(s.l.) : _b(s.e.), _c1978 |
||
| 300 | _a237 p. | ||
| 590 |
_aBATCH-UPD _b10 _c20130110 _lUCH01 _h0549 |
||
| 590 |
_aBATCH-UPD _b10 _c20130110 _lUCH01 _h2254 |
||
| 590 |
_aBATCH-UPD _b10 _c20130410 _lUCH01 _h0230 |
||
| 590 |
_aBATCH-UPD _b10 _c20130914 _lUCH01 _h1145 |
||
| 590 |
_aCONVERSION _b10 _c20130109 _lUCH01 _h1334 |
||
| 650 | 1 | 4 |
_aDerecho agrario _xMéxico. _931876 |
| 650 | 1 | 4 |
_aTierras _xTenencia _zMéxico. _9113215 |
| 700 | 0 |
_aLugo Chávez, Hector Samuel. _968936 |
|
| 901 | _aBK | ||
| 942 | _cLIBRO | ||
| 949 |
_a384.4 H4 _bBC _cLIBRO _d-143277 _eLIBRO _i69568 _si |
||
| 999 |
_c63315 _d63315 |
||